NFL teams named after people - Statistics

General Stats
  • This quiz has been taken 44 times
  • The average score is 16 of 32
Answer Stats
Question Tile Select % Correct
from the AFC No
93%
from the AFC No
93%
from the AFC No
93%
from the AFC No
88%
from the AFC No
85%
from the AFC No
76%
from the NFC No
71%
from the NFC No
71%
from the AFC Yes
66%
from the NFC No
66%
from the NFC No
63%
from the NFC No
61%
from the NFC No
61%
from the NFC Yes
56%
from the AFC No
51%
from the AFC No
51%
from the NFC Yes
51%
from the AFC Yes
49%
from the NFC No
46%
from the AFC Yes
44%
from the AFC No
41%
from the NFC No
37%
from the AFC Yes
34%
from the NFC No
27%
from the NFC No
24%
from the NFC No
24%
from the AFC Yes
22%
from the NFC No
22%
from the AFC Yes
20%
from the NFC Yes
17%
from the NFC Yes
15%
from the AFC Yes
12%
No matching quizzes found
Score Distribution
Percent of People with Each Score
Percentile by Number Answered
Your Score History
You have not taken this quiz